Системы опережающих индикаторов; Информационные технологии в науке, управлении, социальной сфере и медицине; Ч. 2

Bibliographic Details
Parent link:Информационные технологии в науке, управлении, социальной сфере и медицине: сборник научных трудов Международной конференции с международным участием , 29 апреля - 2 мая 2014 г., Томск/ Национальный исследовательский Томский политехнический университет (ТПУ).— , 2014
Ч. 2.— 2014.— [С. 308-310]
Main Author: Абушахманова Ю. В.
Summary:Заглавие с титульного экрана
The article deals with system of leading indicators. It is vital to note that world experience of application this system is not appropriate for Russia. Speaking of leading indicators, there are some criterions which characterize them. It is described in short what types of indicators are used in Russia to estimate existing situation. To crow it all an expert commentary is proposed.
Language:Russian
Published: 2014
Series:Информационные технологии в государственном управлении и социальной сфере
Subjects:
Online Access:http://www.lib.tpu.ru/fulltext/c/2014/C24/V2/118.pdf
Format: Electronic Book Chapter
KOHA link:https://koha.lib.tpu.ru/cgi-bin/koha/opac-detail.pl?biblionumber=608168

MARC

LEADER 00000naa2a2200000 4500
001 608168
005 20260318091856.0
035 |a (RuTPU)RU\TPU\conf\5598 
035 |a RU\TPU\conf\5597 
090 |a 608168 
100 |a 20140918d2014 k y0rusy50 ca 
101 0 |a rus 
102 |a RU 
135 |a drmn ---uucaa 
181 0 |a i  
182 0 |a b 
200 1 |a Системы опережающих индикаторов  |d A system of leading indicators  |f Ю. В. Абушахманова 
203 |a Текст  |c электронный 
225 1 |a Информационные технологии в государственном управлении и социальной сфере 
300 |a Заглавие с титульного экрана 
320 |a [Библиогр.: с. 310 (4 назв.)] 
330 |a The article deals with system of leading indicators. It is vital to note that world experience of application this system is not appropriate for Russia. Speaking of leading indicators, there are some criterions which characterize them. It is described in short what types of indicators are used in Russia to estimate existing situation. To crow it all an expert commentary is proposed. 
337 |a Adobe Reader 
461 1 |0 (RuTPU)RU\TPU\conf\4263  |t Информационные технологии в науке, управлении, социальной сфере и медицине  |o сборник научных трудов Международной конференции с международным участием , 29 апреля - 2 мая 2014 г., Томск  |o в 2 ч.  |f Национальный исследовательский Томский политехнический университет (ТПУ)   |d 2014 
463 1 |0 (RuTPU)RU\TPU\conf\4265  |t Ч. 2  |v [С. 308-310]  |d 2014 
510 1 |a A system of leading indicators  |z eng 
610 1 |a труды учёных ТПУ 
610 1 |a электронные ресурсы 
610 1 |a опережающие индикаторы 
610 1 |a индикаторы 
610 1 |a кризисные ситуации 
610 1 |a макроэкономика 
700 1 |a Абушахманова  |b Ю. В. 
801 2 |a RU  |b 63413507  |c 20140918  |g RCR 
856 4 |u http://www.lib.tpu.ru/fulltext/c/2014/C24/V2/118.pdf 
942 |c BK